Les Papes d'Avignon (Record no. 169875)

MARC details
000 -LEADER
campo de control de longitud fija 00711nam a2200229 i 4500
001 - NÚMERO DE CONTROL
campo de control 169875
003 - IDENTIFICADOR DE NÚMERO DE CONTROL
campo de control ES-MaACL
005 - FECHA Y HORA DE LA ÚLTIMA TRANSACCIÓN
campo de control 20230906214227.0
008 - DATOS DE LONGITUD FIJA--INFORMACIÓN GENERAL
campo de control de longitud fija 081211s1950 fr |||| | fre d
080 ## - NÚMERO DE LA CLASIFICACIÓN DECIMAL UNIVERSAL
Número de la Clasificación Decimal Universal 262.13"13"
080 ## - NÚMERO DE LA CLASIFICACIÓN DECIMAL UNIVERSAL
Número de la Clasificación Decimal Universal 27"13"
100 1# - ENTRADA PRINCIPAL--NOMBRE DE PERSONA
Nombre de persona Mollat, Guillaume.
9 (RLIN) 139065
245 14 - MENCIÓN DEL TÍTULO
Título Les Papes d'Avignon
Resto del título : (1305-1378) /
Mención de responsabilidad, etc. G. Mollat.
250 ## - MENCION DE EDICION
Mención de edición 9e éd. rev., remaniée et augm.
260 ## - PUBLICACIÓN, DISTRIBUCIÓN, ETC.
Lugar de publicación, distribución, etc. Paris :
Nombre del editor, distribuidor, etc. Letouzey et Ané,
Fecha de publicación, distribución, etc. 1950.
300 ## - DESCRIPCIÓN FÍSICA
Extensión 597 p. ;
Dimensiones 19 cm.
500 ## - NOTA GENERAL
Nota general Índice.
504 ## - NOTA DE BIBLIOGRAFÍA, ETC.
Nota de bibliografía, etc. Bibliografía.
650 #4 - PUNTO DE ACCESO ADICIONAL DE MATERIA--TÉRMINO DE MATERIA
Término de materia o nombre geográfico como elemento de entrada Papas-
Subdivisión cronológica S.XIV.
9 (RLIN) 139064
650 #4 - PUNTO DE ACCESO ADICIONAL DE MATERIA--TÉRMINO DE MATERIA
Término de materia o nombre geográfico como elemento de entrada Historia eclesiástica-
Subdivisión cronológica S.XIV.
9 (RLIN) 139066
852 4# - LOCALIZACIÓN
Ubicación ES-MaACL
Número de control de estantería E-12359
itemnumber R.140499
Nota libre - Biblioteca Jacinto Martínez Lacalle
Holdings
Estatus retirado Estado de pérdida Estado de daño No para préstamo Biblioteca de origen Biblioteca actual Ubicación en estantería Fecha de adquisición Fuente de adquisición Total de préstamos Signatura topográfica completa Código de barras Visto por última vez Precio de reemplazo Tipo de ítem Koha
        Biblioteca del Ateneo de Madrid Biblioteca del Ateneo de Madrid Depósito 2 11/12/2008     E-12359 1178350 23/02/2023 23/02/2023 Libro impreso